Non nước xứ Đồng Hương

Giới thiệu lịch sử hình thành, đặc điểm kinh tế, văn hoá vật thể, phong tục, tín ngưỡng, lễ hội, ca dao dân ca, truyện kể, ẩm thực và trò chơi dân gian xứ Đồng Hương

Đã lưu trong:
Chi tiết về thư mục
Tác giả chính: Nguyễn Viết Trung
Định dạng: Sách
Ngôn ngữ:Vietnamese
Được phát hành: H. Văn hóa dân tộc 2011
Loạt:ĐTTS ghi: Hội văn nghệ dân gian Việt Nam
Các nhãn: Thêm thẻ
Không có thẻ, Là người đầu tiên thẻ bản ghi này!
Thư viện lưu trữ: Mạng thư viện Đại học Đà Nẵng
LEADER 01183nam a2200289 4500
001 000016049
003 12438
005 20120717110735.0
008 120717s2011 viesd
041 0 |a vie 
082 |a 390.0959756  |b NG-T 
100 0 |a Nguyễn Viết Trung 
245 0 |a Non nước xứ Đồng Hương  |c Nguyễn Viết Trung 
260 |a H.  |b Văn hóa dân tộc  |c 2011 
300 |a 391 tr.  |c 21 cm. 
490 |a ĐTTS ghi: Hội văn nghệ dân gian Việt Nam 
520 |a Giới thiệu lịch sử hình thành, đặc điểm kinh tế, văn hoá vật thể, phong tục, tín ngưỡng, lễ hội, ca dao dân ca, truyện kể, ẩm thực và trò chơi dân gian xứ Đồng Hương 
OWN |a LSP 
AVA |a UDN50  |b LSP  |d 390.0959756 NG-T  |e available  |t Error 5001 Not defined in file expand_doc_bib_avail.  |f 1  |g 0  |h N  |i 0  |k 1 
999 |a From the UDN01 
AVA |a UDN50  |b LSP  |d 390.0959756 NG-T  |e available  |t Error 5001 Not defined in file expand_doc_bib_avail.  |f 1  |g 0  |h N  |i 0  |k 1 
TYP |a Monograph 
TYP |a Printed language 
980 |a Mạng thư viện Đại học Đà Nẵng